000
00396nam a22001697a 4500
003
MPLRDC
005
20220104125005.0
008
210129b ||||| |||| 00| 0 eng d
082
_a
211 BB
100
_a
马丁. 布伯著
245
_a
我与你
_c
陈维纲译
260
_a
_b
三联书店
_c
300
_b
平
490
_a
新知文库. 2
650
_a
宗教哲学
942
_c
BK
_o
211 BB
999
_c
23760
_d
23750